000 00417nam a2200169 i 4500
001 104150
003 ES-MaACL
005 20230906183527.0
007 t|
008 051124s1912 fr ||||1| fre d
100 1 _aMeyer, Arthur.
_980780
245 1 0 _aCe que je peux dire /
_cArthur Meyer.
250 _a44ยช ed.
260 _aParis :
_bPlon,
_c1912.
300 _a431 p. ;
_c19 cm.
852 _aES-MaACL
_jF-569
999 _c104150
_d104150